000 00563nam a2200169Ia 4500
008 090201s9999 xx 000 0 und d
010 _aKPL-22923
040 _bमराठी
041 _aमराठी
082 _a53214
_b22923
100 _aश्रीपाद काळे
245 _aकातळावरचे पाणी
_cश्रीपाद काळे
260 _c2003
_bकुलकर्णी ग्रंथागार
300 _a118
_bमोठा
600 _aकातळावरचे पाणी
942 _cBOOK
999 _c249637
_d249637